00573 a2200181 450000100060000002000180000604000240002410000210004824000280006924500230009730000070012036200090012765000310013694200070016795201040017495200960027899900170037470488 a9788572086899 cAnchieta - Itaigara aAzevado, Ricardo10aMarinheiro rasgadolpor10aMarinheiro rasgado a640 a2010 4aLiteratura infanto-juvenil cBK 00104070a88.1b88.1d2023-11-21l0o028.5 AZE MARp3953/ITAr2023-11-21 20:05:31w2023-11-21yBK 00102ddc4070a57.2b57.2d2024-07-03l0pif642r2024-07-03 19:35:09w2024-07-03yBKzMu c70488d70488